00530nam a22001817a 450000500170000001000150001702000220003203500130005403700130006708200080008010000200008824500890010826000480019727000270024530000290027265000230030165000240032420100818155654.0 aENG-100889 a8185883505c80.00 aEN-84422 bDBAD/PUB a270 aJyotirmayananda aMysticism of the devi Mahatmya /bworship of the divine mother /cby Jyotirmayananda aGhaziabadbInternational Yoga Societyc2005 aLal Bagh, lonib201102 a225p.c22cm (Hb)ephotos aMysticism-Hinduism aDurga (Hindu Acity)